Estadísticas para Top 10 Capitales de Estados de EE. UU. más Pobladas

Haz click aquí para intentar la prueba.

Estadísticas generales

  • Esta prueba ha sido intentada 807 veces
  • La puntuación promedio es 6 de 10

Estadísticas de respuestas

PoblaciónCiudad% Correcto
490,712Sacramento
80%
931,830Austin
74%
667,137Boston
69%
463,878Atlanta
63%
1,563,025Phoenix
62%
682,545Denver
60%
853,173Indianápolis
50%
850,106Columbus
42%
631,346Oklahoma City
41%
654,610Nashville
36%

Distribución de puntuación

Porcentaje por número respondido

Porcentaje de gente con cada puntuación

Historial de tus puntuaciones

No has intentado esta prueba.